IRA tactics and targets / (Record no. 14472)

000 -LEADER
fixed length control field 00373cam a2200157 a 4500
020 ## - INTERNATIONAL STANDARD BOOK NUMBER
ISBN 1853710865
040 ## - CATALOGING SOURCE
Transcribing agency DLC
082 00 - DEWEY DECIMAL CLASSIFICATION NUMBER
Classification number 941 POO 1990 A104 Or.
100 1# - MAIN ENTRY--AUTHOR NAME
Personal name Bell, J. Bowyer,
245 10 - TITLE STATEMENT
Title IRA tactics and targets /
260 ## - PUBLICATION, DISTRIBUTION, ETC. (IMPRINT)
Place of publication Dublin, Ireland :
Name of publisher Poolbeg,
Year of publication 1990.
300 ## - PHYSICAL DESCRIPTION
Number of Pages iii, 117 p. ;
Dimensions 22 cm.
650 #0 - SUBJECT ADDED ENTRY--TOPICAL TERM
Topical Term Violence
650 #0 - SUBJECT ADDED ENTRY--TOPICAL TERM
Topical Term Violence
942 ## - ADDED ENTRY ELEMENTS (KOHA)
Koha item type សៀវភៅភាសាអង់គ្លេស
952 ## - LOCATION AND ITEM INFORMATION (KOHA)
Withdrawn status [LOCAL, KOHA] 0
Holdings
Permanent Location Date acquired Koha item type Lost status Shelving location Barcode Current Location Full call number
Library Block A2017-10-17សៀវភៅភាសាអង់គ្លេស A104A20277Library Block A941 POO 1990 A104 Or.
មជ្ឈមណ្ឌលឯការនៃសាកលវិទ្យាល័យភូមិន្ទកសិកម្មចំការដូង

Powered by Koha